Una comunidad de iguales (Record no. 18516)

MARC details
000 -LEADER
campo de control de longitud fija 01286am a2200433a 44500
003 - IDENTIFICADOR DE NÚMERO DE CONTROL
campo de control AR-BaBNM
005 - FECHA Y HORA DE LA ÚLTIMA TRANSACCIÓN
campo de control 20251128211148.0
008 - DATOS DE LONGITUD FIJA--INFORMACIÓN GENERAL
campo de control de longitud fija 253020s2002 #AR|||||||||||000 | spa||
020 ## - NÚMERO INTERNACIONAL ESTÁNDAR DEL LIBRO
Número Internacional Estándar del Libro 84-95294-36-2
040 ## - FUENTE DE CATALOGACIÓN
Centro/agencia transcriptor AR-BaBNM
100 1# - ENTRADA PRINCIPAL--NOMBRE DE PERSONA
Nombre de persona Fiss, Owen
245 10 - MENCIÓN DEL TÍTULO
Título Una comunidad de iguales
Resto del título la protección constitucional de los nuevos ciudadanos
260 ## - PUBLICACIÓN, DISTRIBUCIÓN, ETC.
Lugar de publicación, distribución, etc. San Fernando de Henares
Nombre del editor, distribuidor, etc. Miño y Dávila
Fecha de publicación, distribución, etc. 2002
300 ## - DESCRIPCIÓN FÍSICA
Extensión 126 p.
490 #0 - MENCIÓN DE SERIE
Mención de serie Nuevo Foro Democrático
650 #4 - PUNTO DE ACCESO ADICIONAL DE MATERIA--TÉRMINO DE MATERIA
Término de materia o nombre geográfico como elemento de entrada INMIGRACION
650 #4 - PUNTO DE ACCESO ADICIONAL DE MATERIA--TÉRMINO DE MATERIA
Término de materia o nombre geográfico como elemento de entrada DEMOCRACIA
650 #4 - PUNTO DE ACCESO ADICIONAL DE MATERIA--TÉRMINO DE MATERIA
Término de materia o nombre geográfico como elemento de entrada ELECCIONES
650 #4 - PUNTO DE ACCESO ADICIONAL DE MATERIA--TÉRMINO DE MATERIA
Término de materia o nombre geográfico como elemento de entrada DERECHOS
650 #4 - PUNTO DE ACCESO ADICIONAL DE MATERIA--TÉRMINO DE MATERIA
Término de materia o nombre geográfico como elemento de entrada POLITICA
650 #4 - PUNTO DE ACCESO ADICIONAL DE MATERIA--TÉRMINO DE MATERIA
Término de materia o nombre geográfico como elemento de entrada CIUDADANIA
650 #4 - PUNTO DE ACCESO ADICIONAL DE MATERIA--TÉRMINO DE MATERIA
Término de materia o nombre geográfico como elemento de entrada OBLIGACIONES
700 1# - ENTRADA AGREGADA--NOMBRE PERSONAL
Nombre de persona Fiss, Owen
700 1# - ENTRADA AGREGADA--NOMBRE PERSONAL
Nombre de persona Albeinikoff, Alexander T.
Término indicativo de función/relación comentarios
700 1# - ENTRADA AGREGADA--NOMBRE PERSONAL
Nombre de persona Bragwati, Jagdish
Término indicativo de función/relación comentarios
700 1# - ENTRADA AGREGADA--NOMBRE PERSONAL
Nombre de persona Chishti, Muzaffar
Término indicativo de función/relación comentarios
700 1# - ENTRADA AGREGADA--NOMBRE PERSONAL
Nombre de persona Freeman, Richard
Término indicativo de función/relación comentarios
700 1# - ENTRADA AGREGADA--NOMBRE PERSONAL
Nombre de persona Gordon, Jennifer
Término indicativo de función/relación comentarios
700 1# - ENTRADA AGREGADA--NOMBRE PERSONAL
Nombre de persona Preuss, Ulrich
Término indicativo de función/relación comentarios
700 1# - ENTRADA AGREGADA--NOMBRE PERSONAL
Nombre de persona Smith, Rogers
Término indicativo de función/relación comentarios
700 1# - ENTRADA AGREGADA--NOMBRE PERSONAL
Nombre de persona Tushnet, Mark
Término indicativo de función/relación comentarios
700 1# - ENTRADA AGREGADA--NOMBRE PERSONAL
Nombre de persona Weiner, Myron
Término indicativo de función/relación comentarios
700 1# - ENTRADA AGREGADA--NOMBRE PERSONAL
Nombre de persona West, Robin
Término indicativo de función/relación comentarios
700 1# - ENTRADA AGREGADA--NOMBRE PERSONAL
Nombre de persona Young, Iris
Término indicativo de función/relación comentarios
800 1# - PUNTO DE ACCESO ADICIONAL DE SERIE--NOMBRE DE PERSONA
Nombre de persona Gargarella, Roberto
800 1# - PUNTO DE ACCESO ADICIONAL DE SERIE--NOMBRE DE PERSONA
Nombre de persona Lo Vuolo, Rubén
942 ## - ELEMENTOS DE ENTRADA SECUNDARIOS (KOHA)
Tipo de ítem Koha Libros
998 ## - INFORMACIÓN DE CONTROL LOCAL (RLIN)
Iniciales del catalogador, CIN (RLIN) Mariana
Holdings
Estatus retirado Estado de pérdida Fuente de la clasificación o esquema de estantería Estado de daño No para préstamo Biblioteca de origen Biblioteca actual Fecha de adquisición Total de préstamos Signatura topográfica completa Código de barras Visto por última vez Precio de reemplazo Tipo de ítem Koha
    Clasificación Decimal Dewey     Liberty Liberty 28/11/2025   314.7 FIS 131069 28/11/2025 28/11/2025 Libros
    Clasificación Decimal Dewey     Liberty Liberty 28/11/2025   314.7 FIS 131068 28/11/2025 28/11/2025 Libros
    Clasificación Decimal Dewey     Liberty Liberty 28/11/2025   314.7 FIS 131067 28/11/2025 28/11/2025 Libros